000 01206nam0a22002891 4500
001 rc\2127921
005 20110829171741.9
035 _a(NLR Aleph) 006625442
090 _a7494665
_c7494665
100 _a20110829d1979 |||y0rusy50 ca
101 0 _arus
102 _aRU
105 _ay z |||||
200 1 _aПроведение нарезных выработок на пологих пластах Донбасса
_fИ.С. Гранкин, И.Л. Сушко, В.Н. Сапрыкин
210 _aМосква
_cЦНИЭИуголь
_d1979
215 _a[1], 41 с.
_d21
225 1 _aЭкспресс-информация
_fМ-во угол. пром-сти СССР, ЦНИИ экономики и НТИ угол. пром-сти (ЦНИЭИуголь)
_iСерия "Добыча угля подземным способом"
320 _aБиблиогр.: с. 41
700 1 _aГранкин
_bИ. С.
_gИван Сергеевич
701 1 _aСапрыкин
_bВ. Н.
701 1 _aСушко
_bИ. Л.
_gИван Леонтьевич
801 0 _aRU
_bNLR
_gpsbo
801 1 _aRU
_bELAR
_2rusmarc
852 _aNLR
_j80-4/4094
899 _aRuMoRGB
_jM 79-21/1218
942 _cBOOK
980 _aNB